00362nam a22001337a 450000500170000000800410001704000070005804100120006508200210007710000260009824500350012426000350015965000340019420241223093233.0241223b ||||| |||| 00| 0 eng d cAL aEnglish 223a348.04bEASS a Eastern Book Company aSupreme Court Cases2004: Vol 2 a LucknowbEastern Book Comapny a Mode of Citation(2004) 2 SCC